000 00782cam a2200277 4500
008 090401t1991 xxu||||| |||| 00| 0 eng d
020 _a0860173232
035 _a(Sirsi) u51339
041 _aeng
050 _a333.73
100 _aLeach, B.A.
245 _aBuilding on derelict land.
260 _aLondon
_bCIRIA
_c1991
300 _a232p. : ill. ; 30cm.
350 _a60
490 _aCIRIA Special Publication
_v78
490 _aPSA Civil Engineering Technical Guide
_v60
650 _aContamination
_96231
650 _aSITE INVESTIGATION
690 _aBUILT ENVIRONMENT
700 _aGoodger, H.K.
710 _aConstruction Industry Research and Information Association
_94810
710 _aPSA Specialist Services
_9887
942 _n0
948 _c04/03/1997
999 _c92876
_d92876